LIBRARY & INFORMATION CENTRE, KCAET, TAVANUR

ONLINE PUBLIC ACCESS CATALOGUE (OPAC)

Take Better Pictures : A Practical Guide to Creative Photography (Record no. 15738)

MARC details
000 -LEADER
fixed length control field 00335nam a22001217a 4500
003 - CONTROL NUMBER IDENTIFIER
control field OSt
008 - FIXED-LENGTH DATA ELEMENTS--GENERAL INFORMATION
fixed length control field 190925b ||||| |||| 00| 0 eng d
082 ## - DEWEY DECIMAL CLASSIFICATION NUMBER
Classification number 770.28
Item number EAS/TA
100 ## - MAIN ENTRY--AUTHOR NAME
Personal name Eastman ,Kodak
245 ## - TITLE STATEMENT
Title Take Better Pictures : A Practical Guide to Creative Photography
260 ## - PUBLICATION, DISTRIBUTION, ETC. (IMPRINT)
Name of publisher Kodak Company
Year of publication 1983
942 ## - ADDED ENTRY ELEMENTS (KOHA)
Koha item type Books

No items available.

free website counter